书目信息 |
| 题名: |
机械制造基础
|
|
| 作者: | 黄胜银 , 卢松涛 主编 | |
| 分册: | ||
| 出版信息: | 北京 机械工业出版社 2014 |
|
| 页数: | 268页 | |
| 开本: | 26cm | |
| 丛书名: | ||
| 单 册: | ||
| 中图分类: | TH16 | |
| 科图分类: | ||
| 主题词: | 机械制造--教材--高等教育 | |
| 电子资源: | ||
| ISBN: | 978-7-111-46522-5 | |
| 000 | 01055nam0 2200277 450 | |
| 001 | 448 | |
| 001 | 01XX10821211@CSLN | |
| 005 | 20160905102728.12 | |
| 010 | @a978-7-111-46522-5@dCNY33.00 | |
| 100 | @a20140805d2014 em y0chiy50 ea | |
| 101 | 0 | @achi |
| 102 | @aCN@b110000 | |
| 105 | @aa z 000yy | |
| 200 | 1 | @a机械制造基础@9ji xie zhi zao ji chu@f黄胜银,卢松涛主编 |
| 210 | @a北京@c机械工业出版社@d2014 | |
| 215 | @a268页@c图@d26cm | |
| 300 | @a普通高等教育“十二五”规划教材 | |
| 312 | @a封面英文题名:Foundation of mechanical manufacturing | |
| 330 | @a本书共分为11章,主要包括工程材料基础知识、金属材料的强化与处理、常用金属材料、非金属材料及其成型、铸造、金属压力加工、焊接、金属切削加工基础、机械零件的工艺规程、绿色与智能制造技术等内容。 | |
| 510 | 1 | @aFoundation of mechanical manufacturing@zeng |
| 606 | 0 | @a机械制造@j教材@x高等教育 |
| 690 | @aTH16@v5 | |
| 701 | 0 | @a黄胜银@9huang sheng yin@f(1980~)@4主编 |
| 701 | 0 | @a卢松涛@9lu song tao@f(1982~)@4主编 |
| 801 | 0 | @aCN@b唐山师范学院图书馆@c20160722 |
| 905 | @aZUCC@dTH16@e20 | |
| 机械制造基础/黄胜银,卢松涛主编.-北京:机械工业出版社,2014 |
| 268页:图;26cm |
| 普通高等教育“十二五”规划教材 |
| ISBN 978-7-111-46522-5:CNY33.00 |
| 本书共分为11章,主要包括工程材料基础知识、金属材料的强化与处理、常用金属材料、非金属材料及其成型、铸造、金属压力加工、焊接、金属切削加工基础、机械零件的工艺规程、绿色与智能制造技术等内容。 |
| ● |
| 相关链接 |
|
|
|
|
正题名:机械制造基础
索取号:TH16/20
 
预约/预借
| 序号 | 登录号 | 条形码 | 馆藏地/架位号 | 状态 | 备注 |
| 1 | 901921 | 209019211 | 第二样本阅览室/ [索取号:TH16/20] | 在馆 | |
| 2 | 901922 | 209019220 | 第三借阅区/ [索取号:TH16/20] | 在馆 | |
| 3 | 901923 | 209019239 | 第三借阅区/ [索取号:TH16/20] | 在馆 | |
| 4 | 901924 | 209019248 | 第三借阅区/ [索取号:TH16/20] | 在馆 | |
| 5 | 901925 | 209019257 | 第三借阅区/ [索取号:TH16/20] | 在馆 |